Palácio Anchieta : (Record no. 1591)

MARC details
000 -LÍDER
Campo Fixo de Controle 00940nam a2200253 4500
001 - NÚMERO DE CONTROLE
Campo de Controle 1591
003 - IDENTIFICAÇÃO DO NÚMERO DE CONTROLE
Campo de Controle BR-CuiBMT
005 - DATA E HORA DA ÚLTIMA ATUALIZAÇÃO
Campo de Controle 20231216181308.0
008 - DADOS FIXOS
Dados Fixos 231216s2009 esba s000 0 por d
040 ## - AGÊNCIA CATALOGADORA
Código da Agência Catalogadora BR-CuiBMT
Agência que transcreveu o registro BR-CuiBMT
080 ## - Nº DA CLASSIFICAÇÃO DECIMAL UNIVERSAL
Nº Class. CDU 94:719
Subd. Auxiliar Comum (815.2)
Nº edição CDU 2007
090 ## - NÚMERO DE CHAMADA
Nº classificação 94:719(815.2)
Cutter M386p
100 1# - ENTRADA PRINCIPAL -- AUTOR PESSOAL
Nome pessoal Martinuzzo, José Antonio
245 10 - TÍTULO PRINCIPAL
Título principal Palácio Anchieta :
Subtítulo patrimônio capixaba /
Indicação de responsabilidade José Antonio Martinuzzo ; fotografia Alair Caliari.
260 ## - PUBLICAÇÃO, DISTRIBUIÇÃO, ETC.
Local de publicação Vitória :
Editora Governo do Estado do Espírito Santo,
Data 2009.
300 ## - DESCRIÇÃO FÍSICA
N. páginas ou volumes 237 p. :
Ilustrações il. color. ;
Dimensões 32 cm
500 ## - NOTAS GERAIS
Notas gerais Edição bilíngue: português e inglês.
650 ## - ASSUNTO TÓPICO
Cabeçalho tópico ou nome geográfico Palácio Anchieta
Subdivisão geral Patrimônio histórico
Subdivisão geográfica Vitória (ES)
650 ## - ASSUNTO TÓPICO
Cabeçalho tópico ou nome geográfico Espírito Santo (Estado)
Subdivisão geral História
650 ## - ASSUNTO TÓPICO
Cabeçalho tópico ou nome geográfico Patrimônio cultural
Subdivisão geográfica Espírito Santo (Estado)
650 ## - ASSUNTO TÓPICO
Cabeçalho tópico ou nome geográfico Arquitetura jesuística
Subdivisão cronológica Espírito Santo (Estado)
700 1# - ENTRADA SECUNDÁRIA -- NOME PESSOAL
Nome pessoal Caliari, Alair
Termo de relação fotografia
942 ## - ELEMENTOS DE ENTRADA ADICIONAIS (KOHA)
Fonte de classificação ou esquema de arquivamento Classificação Decimal Universal
Tipo de item do Koha Livros
Holdings
Estado: removido Estado: perdido Fonte de classificação ou esquema de arquivamento Estado: danificado Indisponível para empréstimo Localização permanente Localização atual Data de aquisição Total Checkouts Número de Chamada completo Código de barras Date last seen Número do exemplar Preço efetivo a partir de Tipo de item (Koha)
    Classificação Decimal Universal     Biblioteca da Escola Superior de Contas do TCE/MT Biblioteca da Escola Superior de Contas do TCE/MT 16/12/2023   94:719(815.2) M386p BIBTCEMT23120707 16/12/2023 Ex. 1 16/12/2023 Livros

Powered by Koha